| 000 | 00399nam a2200157Ia 4500 | ||
|---|---|---|---|
| 008 | 230312s9999||||xx |||||||||||||| ||und|| | ||
| 020 | _a81-7808-630-1 | ||
| 082 |
_a510.1 _bHOG |
||
| 100 | _aHogg, Robert V | ||
| 245 | 0 | _aIntroduction to Mathematical Statistics | |
| 260 |
_bPearson Education _aNew Dehli _c2004 |
||
| 300 | _a564 | ||
| 546 | _aEng. | ||
| 650 |
_aEconomics _vSet Theory |
||
| 942 | _cBK | ||
| 999 |
_c2074 _d2074 |
||